01260nam a22002417a 4500003000400000005001700004007000300021008004100024020001800065040003200083041000800115082001700123100003000140245012400170300001900294490001200313500004400325504003000369505046800399505010300867505002000970710002800990OSt20220531084008.0ta210118b2018 dr ||||| |||| 001 0dspa d a9788409017959 aDO-SdBNPbspacBNPHUdBNPHU hspa 4aBNPHUbA795a1 aArvelo, Alejandro,d1959-10aAristóteles o la precisión :bapuntes a la pasión del que nombra. /cDaniel Tejada , dirección y coordinación a71 p. ;c20 cm1 aEnsayo. aIncluye datos biográficos del autor . aBibliografía : p. 69-711 aEl imperialismo de precisión, ¿un requerimiento táctico para filosofar? :tI. la propiedad y la exactitud, normas de hechos en Aristóteles. II. la lengua, ¿medio o causa eficiente del pensamiento? II. retórica, pensamiento e imperativo de precisión. IV. la delimitación rigurosa de matices, vínculo intangible entre lógica y retórica. V. modos, utilidad y conciencia del valor hermenéutico de la precisión terminológica en Aristóteles.1 aPrecisión como método y como reserva crítica de la humanidad en las actuales circunstancias.1 aBibliografía.1 aTejada, Daniel,ecoord.